000 00725nam a2200265Ia 4500
003 OSt
005 20220924133514.0
006 a|||||r|||| 00| 0
007 ta
008 220923b |||||||| |||| 00| 0 ben d
020 _a9788390811727 (pbk)
020 _c190
024 _a265794
037 _bM/2009/42, 03/08/2009, Mukta Dhara
_cTextual
040 _aARTS
_cARTS
_bben
041 _2ben
_aben
082 _aV26271z7, 157P9
100 _aBhattacharya Parimal
_9206648
245 0 _aDarjiling
260 _c2009
300 _a142p.
_ccm.
650 _aHISTORY
942 _hV26271z7, 157P9
_cTEXL
_2CC
999 _c434087
_d434087